00581nam a2200193Ia 4500001000700000003000500007008004100012010001100053040000900064082001500073100006100088245006400149260008200213300001100295440000500306500000500311503000500316650006600321Z_2913CHAP220113s1996 xx 000 0 und d a165996 cCHAP a636.294 S5 aSimposio sobre venados en México (5 : 1996 : México) aMemoria /cpor Universidad Nacional Autónoma de México aMéxico, D. F. :bUNAM. Facultad de Medicina Veterinaria y Zootecnia,c1996 a216 p. a a a aVenados I. UNAM. Facultad de Medicina Veterinaria y Zootecnia